[Event "3rd Rohde Open"]
[Site "Sautron FRA"]
[Date "2003.10.25"]
[Round "1"]
[White "Charpentier,P"]
[Black "Geller,J"]
[Result "0-1"]
[WhiteElo "2096"]
[BlackElo "2486"]

1.d4 d5 2.Nf3 c6 3.e3 Nf6 4.c4 e6 5.Nc3 Nbd7 6.Bd3 dxc4 7.Bxc4 b5 8.Bd3 a6
9.O-O Bb7 10.Re1 c5 11.a3 Rc8 12.Bb1 Be7 13.Ba2 O-O 14.e4 cxd4 15.Qxd4 Ng4
16.Qd1 Nde5 17.Nxe5 Nxe5 18.Be3 Nd3 19.Re2 Nxb2 20.Rxb2 Rxc3 21.Qg4 Rxa3
22.Rd2 Rd3 23.Rad1 Rxd2 24.Rxd2 Qc7 25.h4 Rd8 26.Rxd8+ Qxd8 27.h5 Bf6 28.h6 Qd3
29.hxg7 Qxe4 30.Qg3 Qe5  0-1

[Event "After Holidays GM"]
[Site "Tel Aviv ISR"]
[Date "2003.10.26"]
[Round "7"]
[White "Ravia,M"]
[Black "Kaganskiy,G"]
[Result "0-1"]
[WhiteElo "2386"]
[BlackElo "2386"]

1.d4 d5 2.c4 e6 3.Nc3 c6 4.e3 Nf6 5.Nf3 Nbd7 6.Qc2 Bd6 7.Be2 O-O 8.O-O e5
9.dxe5 Nxe5 10.cxd5 cxd5 11.Nb5 Bb8 12.b3 Bg4 13.Qd1 Nxf3+ 14.Bxf3 Be5 15.Nd4 Bxf3
16.Qxf3 Bxd4 17.exd4 Ne4 18.Qd3 Qf6 19.Be3 Rac8 20.Rac1 Qe6 21.f3 Nd6 22.Bf2 Rxc1
23.Rxc1 Rc8 24.Rc2 h6 25.g4 Rxc2 26.Qxc2 Qd7 27.Qc5 Nc8 28.a4 a6 29.Bg3 Ne7
30.Bd6 Nc8 31.Bf4 Qe6 32.Kf2 Ne7 33.Qc7 Nc6 34.Qxb7 Nxd4 35.Be3 Nc2 36.Qb8+ Kh7
37.Qf4 d4 38.Bxd4 Qxb3 39.Qe4+ Kg8 40.Qe8+ Kh7 41.Qe4+ Kg8 42.Bc5 Qc3 43.Bb6 Qd2+
44.Qe2 Qd6 45.Qxc2 Qxh2+  0-1

[Event "Curacao Open"]
[Site "Willemstad AHO"]
[Date "2003.10.29"]
[Round "5"]
[White "Huebner,R"]
[Black "Shabalov,A"]
[Result "1/2-1/2"]
[WhiteElo "2604"]
[BlackElo "2597"]

1.d4 d5 2.c4 e6 3.Nc3 Nf6 4.Nf3 c6 5.e3 Nbd7 6.Qc2 Bd6 7.Be2 O-O 8.O-O dxc4
9.Bxc4 b5 10.Be2 Qc7 11.Bd2 Bb7 12.Rac1 a6 13.b4 Rfe8 14.h3 Rac8 15.Qb1 e5
16.Bd3 exd4 17.exd4 Bf4 18.Bxf4 Qxf4 19.Ne2 Qd6 20.a3 Ra8 21.Rfe1 a5 22.Nc3 Rxe1+
23.Rxe1 axb4 24.axb4 Nf8 25.Rd1 Ne6 26.Be4 Nf4 27.Ne5 Re8 28.Bf3 Re7 29.Ng4 h5
30.Ne3 g6 31.h4 Bc8 32.d5 Qe5 33.Qc2 Bg4 34.Bxg4 hxg4 35.Kf1 N4xd5 36.Ncxd5 cxd5
37.Qc5 g3 38.Qd4 Qe6 39.Ra1 Re8 40.Ra3 gxf2 41.Kxf2 Qc6 42.Ra2 Re4 43.Qc5 Qe8
44.Qb6 Rf4+ 45.Kg1 d4 46.Nf1 Nd5 47.Qb7 Qe4 48.Qc8+ Kg7 49.Ra8 Rxf1+ 50.Kxf1 Ne3+
51.Ke1 Nc4+ 52.Kf1 Ne3+  1/2-1/2

[Event "18th Open"]
[Site "Le Touquet FRA"]
[Date "2003.10.30"]
[Round "5"]
[White "Villeneuve,A"]
[Black "Rosenfeld,I"]
[Result "1-0"]
[WhiteElo "2282"]
[BlackElo "2028"]

1.d4 d5 2.Nf3 Nf6 3.c4 e6 4.Nc3 c6 5.e3 Bd6 6.Ne5 O-O 7.Bd3 Nbd7 8.f4 dxc4
9.Bxc4 Nd5 10.e4 Nxc3 11.bxc3 Nxe5 12.dxe5 Bc5 13.Qxd8 Rxd8 14.a4 Bd7 15.Ke2 b5
16.Bd3 a5 17.Be3 Bxe3 18.Kxe3 bxa4 19.Bc2 c5 20.Rhd1 Bb5 21.Rd6 Kf8 22.Bxa4 Bxa4
23.Rxa4 Rdc8 24.g4 Ke7 25.f5 h6 26.h4 Ra7 27.Kd3 Rcc7 28.Kc4 Ra8 29.g5 hxg5
30.hxg5 Rcc8 31.f6+ Kf8 32.Rd2 gxf6 33.gxf6 Ke8 34.Rda2 Kf8 35.Rxa5 Rxa5
36.Rxa5 Kg8 37.Rxc5 Rf8 38.Rc7 Kh7 39.Kc5 Kg6 40.Kd6 Kg5 41.Ke7 Rh8 42.Rd7 Kf4
43.Kxf7 Kxe5 44.Ke7  1-0

[Event "Open"]
[Site "Bastia FRA"]
[Date "2003.10.31"]
[Round "8"]
[White "Shneider,A"]
[Black "Korneev,O"]
[Result "0-1"]
[WhiteElo "2519"]
[BlackElo "2559"]

1.d4 d5 2.c4 e6 3.Nc3 c6 4.Nf3 Nf6 5.e3 Nbd7 6.Bd3 dxc4 7.Bxc4 b5 8.Bd3 a6
9.e4 c5 10.d5 Qc7 11.O-O Bb7 12.dxe6 fxe6 13.Bc2 Bd6 14.Qe2 c4 15.Ng5 Qc6
16.f4 Bc5+ 17.Kh1 h6 18.Nf3 O-O-O 19.e5 Nd5 20.a4 Rhf8 21.axb5 axb5 22.Nxd5 Qxd5
23.Nd2 g5 24.Be4 Qd4 25.Bxb7+ Kxb7 26.Ne4 Qd3 27.Qxd3 cxd3 28.Bd2 gxf4 29.Bxf4 Bb4
30.Rad1 Nb6 31.Nd6+ Bxd6 32.exd6 Nc4 33.b3 Nxd6 34.Bxh6 Rxf1+ 35.Rxf1 Ne4
36.Kg1 Kc6 37.h4 Kc5 38.h5 Kb4 39.Re1 Rd4 40.Be3 d2 41.Bxd2+ Nxd2 42.Rxe6 Kxb3
43.h6 Nc4 44.h7 Rh4 45.Re7 b4 46.g3 Rh6 47.Kg2 Kc3 48.g4 b3 49.g5 Rh5 50.g6 b2
51.Rb7 Nd6 52.Rb6 Nf5 53.Rc6+ Kd3 54.Rb6 Kd4  0-1

[Event "18th Open"]
[Site "Le Touquet FRA"]
[Date "2003.10.31"]
[Round "7"]
[White "Ivanov,J"]
[Black "Goloshchapov,A"]
[Result "0-1"]
[WhiteElo "2426"]
[BlackElo "2574"]

1.Nf3 d5 2.d4 Nf6 3.c4 e6 4.Nc3 c6 5.e3 Nbd7 6.Qc2 Bd6 7.b3 O-O 8.Be2 b6
9.O-O Bb7 10.e4 Nxe4 11.Nxe4 dxe4 12.Qxe4 Nf6 13.Qh4 c5 14.Bb2 Ne4 15.Qh3 Ng5
16.Nxg5 Qxg5 17.dxc5 Bxc5 18.Bf3 Bxf3 19.Qxf3 Rad8 20.Rad1 h6 21.g3 Qg6 22.Qe2 h5
23.Kg2 h4 24.Bc3 a5 25.Rfe1 Rfe8 26.Rd2 Rxd2 27.Bxd2 Rd8 28.Be3 Qe4+ 29.f3 Qxe3
30.Qxe3 Bxe3 31.Rxe3 Rd2+ 32.Kh3 Rxa2 33.Re5 hxg3 34.hxg3 Rd2 35.Rb5 Rd6
36.c5 bxc5 37.Rxc5 Rd5 38.Rc8+ Kh7 39.Rb8 Rd4 40.Rb5 Rd5 41.Rb7 Kg6 42.f4 f6
43.Kg4 e5 44.fxe5 Rd4+ 45.Kh3 fxe5 46.Rb5 Kf6 47.Rxa5 Rb4 48.Ra1 Rxb3 49.Kg4 Rb6
50.Kf3 Kf5 51.g4+ Kg5 52.Ke4 Rb5 53.Ra7 g6 54.Ra6 Rc5 55.Rb6 Ra5 56.Rc6 Ra4+
57.Kxe5 Rxg4 58.Rc1 Rg2 59.Rc4 Re2+ 60.Kd4 Kh5 61.Rc1 g5 62.Kd3 Rh2 63.Ke3 Kh4  0-1

[Event "WYb18"]
[Site "Halkidiki GRE"]
[Date "2003.11.01"]
[Round "10"]
[White "Popovics,A"]
[Black "Kharitonov,Alexa"]
[Result "0-1"]
[WhiteElo "2431"]
[BlackElo "2439"]

1.d4 d5 2.c4 c6 3.Nc3 Nf6 4.e3 e6 5.Nf3 Nbd7 6.Qc2 b6 7.Bd2 Bb7 8.O-O-O Be7
9.e4 dxe4 10.Nxe4 c5 11.Bd3 cxd4 12.Nxd4 Nxe4 13.Bxe4 Bxe4 14.Qxe4 Rc8 15.Bc3 Nf6
16.Qc2 Qc7 17.Qa4+ Kf8 18.Kb1 Ne4 19.Bb4 Bxb4 20.Qxb4+ Qc5 21.Qe1 Nf6 22.Nb3 Qxc4
23.Rc1 Qd3+ 24.Ka1 Ke7 25.Qb4+ Qd6 26.Qa4 a5 27.Nd4 Rhe8 28.Rcd1 Nd5 29.Nf5+ exf5
30.Qb5 Red8  0-1

[Event "Autumn"]
[Site "Venice ITA"]
[Date "2003.11.01"]
[Round "4"]
[White "Rossi,D"]
[Black "Alberti,A"]
[Result "0-1"]
[WhiteElo "2029"]
[BlackElo "2174"]

1.d4 d5 2.c4 c6 3.Nc3 Nf6 4.Nf3 e6 5.e3 Nbd7 6.Bd2 Bd6 7.Qc2 O-O 8.Be2 dxc4
9.Ne4 Nxe4 10.Qxe4 Nf6 11.Qh4 Be7 12.Bxc4 Ne8 13.Qh5 Nd6 14.Bd3 g6 15.Qh6 Nf5
16.Bxf5 exf5 17.h4 f6 18.h5 g5 19.Bc3 Rf7  0-1

[Event "TCh-BEL 2003-4"]
[Site "Belgium BEL"]
[Date "2003.11.02"]
[Round "3"]
[White "Bernard,N"]
[Black "Roofdhooft,M"]
[Result "0-1"]
[WhiteElo "2180"]
[BlackElo "2257"]

1.d4 d5 2.Nf3 Nf6 3.c4 c6 4.Nc3 e6 5.e3 Nbd7 6.Be2 dxc4 7.Bxc4 b5 8.Bd3 Bb7
9.O-O b4 10.Na4 a6 11.b3 c5 12.Bb2 cxd4 13.Bxd4 Bd6 14.Bb2 Qe7 15.Rc1 O-O
16.Qe2 e5 17.e4 Rfc8 18.Nd2 Rxc1 19.Rxc1 Nc5 20.Nxc5 Bxc5 21.Nc4 Bd4 22.Bxd4 exd4
23.Nd2 a5 24.f3 g6 25.Nc4 Nh5 26.g3 Qg5 27.Qd2 Qf6 28.Qf2 a4 29.Nd2  0-1

[Event "ch-UKR"]
[Site "Simferopol UKR"]
[Date "2003.11.05"]
[Round "2"]
[White "Simantsev,M"]
[Black "Vysochin,S"]
[Result "0-1"]
[WhiteElo "2407"]
[BlackElo "2584"]

1.d4 d5 2.c4 c6 3.Nf3 Nf6 4.e3 e6 5.Nc3 a6 6.Qc2 c5 7.dxc5 Bxc5 8.a3 dxc4
9.Bxc4 b5 10.Be2 Nbd7 11.O-O Bb7 12.Rd1 Qb8 13.b4 Be7 14.a4 bxa4 15.Qxa4 Qc7
16.Bd2 O-O 17.Nd4 Bd6 18.h3 Ne5 19.Be1 Rfb8 20.Rab1 h6 21.Rdc1 Qe7 22.f4 Ned7
23.Nc6 Bxc6 24.Qxc6 Bxb4 25.Bxa6 Qc5 26.Bb7 Ra7 27.Nb5 Raxb7 28.Rxc5 Bxc5
29.Qa6 Bxe3+ 30.Kh1 Nd5 31.Qc6 Bxf4 32.Ba5 Ne5  0-1

[Event "ch-UKR"]
[Site "Simferopol UKR"]
[Date "2003.11.05"]
[Round "2"]
[White "Tishin,D"]
[Black "Ljahovetsky,I"]
[Result "1-0"]
[WhiteElo "2334"]
[BlackElo "2098"]

1.d4 d5 2.c4 c6 3.Nf3 Nf6 4.e3 e6 5.Nc3 Nbd7 6.Qc2 dxc4 7.Bxc4 b5 8.Be2 Bb7
9.O-O Bd6 10.e4 e5 11.dxe5 Nxe5 12.Nxe5 Bxe5 13.Be3 O-O 14.Bc5 Re8 15.Bf3 Nd7
16.Be3 a5 17.g3 Qe7 18.Bg2 Bxc3 19.Qxc3 c5 20.Rfd1 b4 21.Qc2 Rec8 22.b3 Ne5
23.Bf4 g5 24.Bxg5 Qxg5 25.f4 Qe7 26.fxe5 Qxe5 27.Rac1 Rd8 28.Rf1 Ba6 29.Rf5 Qd4+
30.Kh1 Rac8 31.Rd5 Rxd5 32.exd5 c4 33.Rd1 Qg4 34.bxc4 Bxc4 35.Qd2 Bxa2 36.Re1 b3
37.d6 Rc2 38.Qd5 Qd7 39.Qg5+ Kf8 40.Qh6+ Kg8 41.Re5  1-0

[Event "FSGM November"]
[Site "Budapest HUN"]
[Date "2003.11.06"]
[Round "6"]
[White "Sarakauskas,G"]
[Black "Ionescu,M"]
[Result "1-0"]
[WhiteElo "2428"]
[BlackElo "2366"]

1.d4 d5 2.c4 c6 3.Nc3 Nf6 4.e3 e6 5.Nf3 a6 6.Qc2 c5 7.a3 Nc6 8.dxc5 Bxc5
9.b4 Be7 10.Bb2 dxc4 11.Bxc4 Qc7 12.Ba2 O-O 13.Rc1 Ne5 14.Nxe5 Qxe5 15.Nd5 Qd6
16.Nxf6+ Bxf6 17.Bb1 Rd8 18.Bxf6 gxf6 19.Qxh7+ Kf8 20.O-O Bd7 21.Rfd1 Rdc8
22.Bc2 Qc7 23.Bg6 Bc6 24.Be4 Ke7 25.Bxc6 bxc6 26.Qh5 e5 27.Qg4 Rd8 28.Rxd8 Rxd8
29.Qc4 Qb6 30.h4 Rd6 31.Qc5 Qb5 32.h5 f5 33.h6  1-0

[Event "ch-UKR"]
[Site "Simferopol UKR"]
[Date "2003.11.07"]
[Round "4"]
[White "Mjasoedov,G"]
[Black "Ivanov,AndA"]
[Result "0-1"]
[WhiteElo "2176"]
[BlackElo "2311"]

1.d4 d5 2.c4 c6 3.Nc3 Nf6 4.e3 e6 5.Nf3 Nbd7 6.Qc2 a6 7.Bd3 dxc4 8.Bxc4 b5
9.Be2 Bb7 10.O-O c5 11.dxc5 Bxc5 12.a3 Rc8 13.b4 Ba7 14.Qd2 Qc7 15.Bb2 Bb8
16.g3 Nb6 17.Rac1 Nc4 18.Bxc4 bxc4 19.Nd4 O-O 20.Qe2 Ba7 21.Nb1 Be4 22.Rfd1 Bd3
23.Qf3 e5 24.Nc2 Be4 25.Qe2 Bb7 26.Ne1 Qc6 27.f3 Nd5 28.Ng2 Qe6 29.Nc3 Nf6
30.Kh1 Qh3 31.e4 Nh5 32.Qe1 f5 33.Nd5 fxe4 34.Bxe5 exf3 35.Nh4 f2  0-1

[Event "ch-UKR"]
[Site "Simferopol UKR"]
[Date "2003.11.07"]
[Round "4"]
[White "Peskov,A"]
[Black "Yarmysty,M"]
[Result "1/2-1/2"]
[WhiteElo "2410"]
[BlackElo "2279"]

1.d4 d5 2.c4 c6 3.Nc3 Nf6 4.e3 e6 5.Nf3 Nbd7 6.Bd3 dxc4 7.Bxc4 b5 8.Bd3 a6
9.e4 c5 10.e5 cxd4 11.Nxb5 axb5 12.exf6 gxf6 13.O-O Qb6 14.Be4 Bb7 15.Bxb7 Qxb7
16.Nxd4 Rg8 17.Qf3 Qxf3 18.Nxf3 Rg4 19.b3 Re4 20.Be3 f5 21.Rfd1 Nf6 22.Nd4 Nd5
23.Nxf5 Re5 24.Nd4 Nxe3 25.fxe3 Bh6 26.e4 b4 27.Rd3 Rxe4 28.Nb5 Ke7  1/2-1/2

[Event "FSGM November"]
[Site "Budapest HUN"]
[Date "2003.11.08"]
[Round "8"]
[White "Bluvshtein,M"]
[Black "Bui Vinh"]
[Result "1/2-1/2"]
[WhiteElo "2463"]
[BlackElo "2463"]

1.d4 d5 2.c4 e6 3.Nf3 c6 4.e3 Nf6 5.Nc3 Nbd7 6.Qc2 Bd6 7.b3 O-O 8.Be2 Re8
9.O-O Qe7 10.Rd1 b6 11.e4 dxe4 12.Nxe4 Nxe4 13.Qxe4 Bb7 14.Bb2 f5 15.Qe3 c5
16.Ne5 Nxe5 17.dxe5 Bc7 18.f4 Rad8 19.Bf3 Rxd1+ 20.Rxd1 Rd8 21.Rd3 Rxd3 22.Qxd3 Bxf3
23.Qxf3 Qd7 24.Qe2 Bd8 25.h3 g6 26.Bc3 Be7 27.a4 a5 28.Qf3 Kf7 29.Kf2 h5
30.Ke2 h4 31.Qa8 Qd8 32.Qb7 Kf8 33.Bd2 Kf7 34.Be3 Kg8 35.Bf2 Kf8 36.Be3 Kf7
37.Qc6 Bf8 38.Qb7+ Be7 39.Bg1 Kf8 40.Qc6 Kf7 41.Bf2 Qb8 42.Kd3 Qd8+ 43.Kc2 Qb8
44.Bg1 Qd8 45.Qb7 Kg8 46.Be3 Kf8 47.Bf2 Kg8  1/2-1/2

[Event "FSGM November"]
[Site "Budapest HUN"]
[Date "2003.11.08"]
[Round "8"]
[White "Szeberenyi,A"]
[Black "Ionescu,M"]
[Result "1/2-1/2"]
[WhiteElo "2417"]
[BlackElo "2366"]

1.d4 d5 2.c4 c6 3.Nc3 Nf6 4.e3 e6 5.Nf3 Nbd7 6.Qc2 Bd6 7.Bd3 O-O 8.O-O dxc4
9.Bxc4 b5 10.Be2 Qc7 11.Ne4 Nxe4 12.Qxe4 Bb7 13.Bd3 Nf6 14.Qh4 c5 15.e4 c4
16.e5 cxd3 17.exf6 Rfe8 18.Ng5 h6 19.fxg7 f5 20.Qxh6 Qxg7 21.Qh3 Rac8 22.Bd2 Rc4
23.Rfe1 Bd5 24.Qh5 Re7 25.Rac1 Qh8 26.Qg6+ Qg7 27.Qh5 Qh8 28.Qg6+ Qg7 29.Qh5 Qh8
30.Qg6+ Qg7 31.Qh5  1/2-1/2

[Event "TCh-CZE Extraliga 2003-4"]
[Site "Czech Rep CZE"]
[Date "2003.11.08"]
[Round "1"]
[White "Tibensky,R"]
[Black "Obsivac,J"]
[Result "1-0"]
[WhiteElo "2405"]
[BlackElo "2361"]

1.d4 d5 2.c4 c6 3.e3 Nf6 4.Nc3 e6 5.Nf3 Nbd7 6.Qc2 Bd6 7.Be2 O-O 8.O-O dxc4
9.Bxc4 e5 10.h3 Qe7 11.a3 a5 12.Ba2 Bc7 13.Bd2 Qd6 14.Rac1 Bb6 15.Rcd1 Bc7
16.Bc1 exd4 17.exd4 Re8 18.Bg5 Nb6 19.Ne5 Nfd5 20.Bh4 Be6 21.Bb1 f5 22.Rfe1 g6
23.Ne2 Qf8 24.Nc1 Qg7 25.f3 Nf4 26.Bg5 Nbd5 27.Qd2 Nh5 28.Ncd3 Kh8 29.Nc5 Bg8
30.g4 Rxe5 31.dxe5 f4 32.gxh5 gxh5 33.Qg2 Bxe5 34.Nd3 Bd4+ 35.Kh1 Ne3 36.Rxe3 fxe3
37.Rg1 Bf7 38.Qe2 Rg8 39.Bxe3 Qxg1+ 40.Bxg1 Rxg1+ 41.Kh2 Rxb1 42.Qe7 Bg1+
43.Kg2 Kg8 44.Ne5 Bd5 45.Nd7 Bd4 46.Qf8+  1-0

[Event "ch-UKR"]
[Site "Simferopol UKR"]
[Date "2003.11.08"]
[Round "5"]
[White "Kurbetdinov,R"]
[Black "Rudak,V"]
[Result "0-1"]
[WhiteElo "2409"]
[BlackElo "2316"]

1.d4 d5 2.c4 c6 3.e3 Nf6 4.Nc3 e6 5.Nf3 Nbd7 6.Qc2 b6 7.Bd2 Bb7 8.cxd5 exd5
9.Bd3 Rc8 10.O-O-O Be7 11.h3 c5 12.Ne5 cxd4 13.exd4 Nxe5 14.dxe5 Nd7 15.Be3 Nxe5
16.Bxh7 g6 17.Bd4 Rxh7 18.Bxe5 Bf6 19.Rhe1 Kf8 20.Rd4 Rc4 21.Rxc4 dxc4 22.Rd1 Bg5+
23.f4 Qe8 24.Nd5 Qxe5 25.Qa4 Bxd5  0-1

[Event "ch-UKR"]
[Site "Simferopol UKR"]
[Date "2003.11.08"]
[Round "5"]
[White "Sumets,A"]
[Black "Sharapov,E"]
[Result "1/2-1/2"]
[WhiteElo "2467"]
[BlackElo "2350"]

1.d4 d5 2.c4 c6 3.Nc3 Nf6 4.e3 e6 5.Nf3 Nbd7 6.Qc2 Bd6 7.Bd3 O-O 8.O-O e5
9.cxd5 cxd5 10.e4 dxe4 11.Nxe4 Nxe4 12.Bxe4 h6 13.Be3 exd4 14.Bh7+ Kh8 15.Bxd4 Nf6
16.Bf5 Qa5 17.Bxc8 Rfxc8 18.Qb3 Qd5 19.Rfd1 Qxb3 20.axb3 Ne4 21.Rxa7 Rxa7
22.Bxa7 Rc2 23.Bd4 Bc5 24.Ne1  1/2-1/2

[Event "ch-UKR"]
[Site "Simferopol UKR"]
[Date "2003.11.08"]
[Round "5"]
[White "Truskavetsky,A"]
[Black "Kononenko,Dmitry2"]
[Result "1-0"]
[WhiteElo "2364"]
[BlackElo "2151"]

1.d4 d5 2.c4 c6 3.Nf3 Nf6 4.Nc3 e6 5.e3 Nbd7 6.Qc2 Be7 7.g4 dxc4 8.Bxc4 b5
9.Bd3 a6 10.g5 Nd5 11.Nxd5 cxd5 12.a4 Bb7 13.axb5 axb5 14.Rxa8 Qxa8 15.Kf1 O-O
16.Bxh7+ Kh8 17.Bd3 Rc8 18.Qd1 g6 19.h4 Kg7 20.Kg2 e5 21.Bxb5 Bc6 22.Bxc6 Qxc6
23.dxe5 Qe6 24.Nd4 Qxe5 25.Qg4 Nb6 26.b3 f6 27.Bb2 Kf7 28.gxf6 Bxf6 29.Ra1 Rc7
30.Nb5 Qxb2 31.Nxc7 Qxa1 32.Qe6+ Kf8 33.Qxb6 Qe5 34.Qe6 Qxe6 35.Nxe6+ Kf7
36.Ng5+ Ke7 37.Nf3 Kd6 38.b4 d4 39.exd4 Kd5 40.b5 Bd8 41.Ne5 Bxh4 42.b6 Kd6
43.d5 Bf6 44.b7  1-0

[Event "7th BayEM"]
[Site "Bad Wiessee GER"]
[Date "2003.11.09"]
[Round "2"]
[White "Schwalbe,G"]
[Black "Tauber,Man"]
[Result "0-1"]
[WhiteElo "2094"]
[BlackElo "2269"]

1.Nf3 d5 2.d4 Nf6 3.c4 e6 4.Nc3 c6 5.e3 Bd6 6.Be2 O-O 7.O-O Nbd7 8.Qc2 Qe7
9.e4 dxe4 10.Nxe4 Nxe4 11.Qxe4 f5 12.Qc2 c5 13.Bg5 Qf7 14.dxc5 Nxc5 15.Rad1 Ne4
16.Be3 Qe7 17.a3 b6 18.b4 Bb7 19.Qb3 Kh8 20.Bd4 e5 21.Bb2 Rae8 22.Nd2 Nxd2
23.Rxd2 Qg5 24.Bf3 Bxf3 25.Qxf3 Qxd2 26.Rd1 Qxb2 27.Rxd6 e4 28.Qd1 f4 29.h4 e3  0-1

[Event "TCh-SWE 2003-4"]
[Site "Malmo SWE"]
[Date "2003.11.09"]
[Round "1"]
[White "Akesson,R"]
[Black "Gausel,E"]
[Result "1-0"]
[WhiteElo "2431"]
[BlackElo "2525"]

1.d4 d5 2.c4 c6 3.Nc3 Nf6 4.e3 e6 5.Nf3 a6 6.b3 Bb4 7.Bd2 Bd6 8.Qc2 c5 9.dxc5 Bxc5
10.cxd5 exd5 11.Nb5 Ne4 12.b4 Bb6 13.Nbd4 O-O 14.Be2 Bg4 15.O-O Nd7 16.Rfd1 Ndf6
17.Be1 Rc8 18.Qb2 Qd6 19.Rac1 Bc7 20.g3 Bb6 21.a4 h5 22.a5 Ba7 23.Rxc8 Rxc8
24.b5 Bc5 25.Rb1 axb5 26.Nxb5 Qe7 27.Nfd4 Bh3 28.Nb3 Bb4 29.Bxb4 Qxb4 30.Qd4 Qe7
31.f3 Nc5 32.Nxc5 Rxc5 33.Kf2 Bd7 34.Nc3 Bc6 35.Qb4 Nd7 36.Na4 Bxa4 37.Qxa4 Nf6
38.Qa3 Rc7 39.Qxe7 Rxe7 40.Rc1 g6 41.Rc8+ Kg7 42.Bb5 Re5 43.Rc5 Re7 44.h4 Ng8
45.Rxd5 Rc7 46.Rd7 Rc2+ 47.Ke1 Rc1+ 48.Ke2 Ra1 49.Bc4 Nh6 50.Rd5 Ra4 51.Bd3 Ng8
52.Rb5 Ra2+ 53.Ke1 Kf8 54.Be4 Ne7 55.Bxb7 Nf5 56.Bd5 Ra3 57.Bb3 Nd6 58.Rb6 Ke7
59.a6 Kd7 60.e4 Kc7 61.Rb4 Rxa6 62.e5 Nf5 63.Rf4 Ra5 64.Bxf7 Rxe5+ 65.Kf2 Rb5
66.Kg2 Ne3+ 67.Kh3 Rb1 68.g4 hxg4+ 69.fxg4 Kd6 70.Re4 Nd1 71.Rf4 Kd7 72.Rd4+ Ke7
73.Bxg6 Rb3+ 74.Kg2 Ne3+ 75.Kf2 Kf6 76.Bh7 Kf7 77.Rf4+  1-0

[Event "TCh-SWE 2003-4"]
[Site "Malmo SWE"]
[Date "2003.11.09"]
[Round "1"]
[White "Eklund,LG"]
[Black "Lundvik,J"]
[Result "0-1"]
[WhiteElo "2275"]
[BlackElo "2248"]

1.Nf3 d5 2.c4 c6 3.d4 Nf6 4.Nc3 e6 5.e3 Nbd7 6.Qc2 a6 7.cxd5 cxd5 8.Bd3 Be7
9.g4 h6 10.Rg1 b5 11.g5 hxg5 12.Nxg5 Nb6 13.Nxb5 Kf8 14.Nc3 Rxh2 15.Bg6 Ne4
16.Nxf7 Qc7 17.Bxe4 Kxf7 18.Bg2 Bd7 19.e4 dxe4 20.Qxe4 Rh4 21.Qe2 Rb8 22.d5 exd5
23.Bxd5+ Nxd5 24.Nxd5 Qa5+ 25.Nc3 Bf6 26.Qd3 Re8+ 27.Be3 Bf5 28.Qd5+ Qxd5
29.Nxd5 Bxb2 30.Rd1 Be4 31.Rd2 Be5 32.Ke2 Rh5 33.Rc1 Rf5 34.Rc6 Bf4 35.Nxf4 Bxc6
36.Rd6 Bb5+ 37.Kd2 Rc8 38.Rb6 Rf6 39.Rb7+ Kg8 40.a3 Rd6+ 41.Ke1 Rc2 42.Rb8+ Kh7
43.a4 Bxa4 44.Nh3 Bb5  0-1

[Event "ch-UKR"]
[Site "Simferopol UKR"]
[Date "2003.11.09"]
[Round "6"]
[White "Malakhatko,V"]
[Black "Krivoshey,S"]
[Result "1-0"]
[WhiteElo "2529"]
[BlackElo "2495"]

1.d4 Nf6 2.c4 c6 3.Nc3 d5 4.e3 e6 5.Nf3 Nbd7 6.Bd3 dxc4 7.Bxc4 b5 8.Bd3 b4
9.Ne4 Nxe4 10.Bxe4 Bb7 11.O-O Bd6 12.a3 bxa3 13.b4 a5 14.b5 Qb6 15.bxc6 Bxc6
16.Nd2 Bb4 17.Bxa3 O-O 18.Nc4 Qc7 19.Bxc6 Qxc6 20.Nxa5 Bxa5 21.Bxf8 Nxf8
22.Qf3 Qxf3 23.gxf3 Ra7 24.Rfb1 g6 25.Kf1 Bb6 26.Rxa7 Bxa7 27.Rb7 Bxd4 28.exd4 g5
29.Rb5 h6 30.f4 gxf4 31.d5 exd5 32.Rxd5 Kg7 33.Ke2 Kf6 34.Kf3 Ng6 35.Kg4 Kg7
36.Rd6 Kf8 37.Kf5 Kg7 38.Ra6 f3 39.Ra7 Nf8 40.Ra1 Ng6 41.Rg1 Kf8 42.Rxg6 fxg6+
43.Kxg6 Ke7 44.Kxh6 Kf6 45.Kh5  1-0

[Event "TCh-AUT B Mitte 2003-4"]
[Site "St Veit AUT"]
[Date "2003.11.09"]
[Round "2"]
[White "Seifert,V"]
[Black "Benda,H"]
[Result "1-0"]
[WhiteElo "2337"]
[BlackElo "2283"]

1.d4 d5 2.c4 c6 3.Nc3 Nf6 4.Nf3 e6 5.e3 Nbd7 6.Bd3 Bd6 7.e4 dxe4 8.Nxe4 Nxe4
9.Bxe4 e5 10.O-O O-O 11.dxe5 Nxe5 12.Nxe5 f5 13.Bd5+ Kh8 14.Nf7+  1-0

[Event "7th BayEM"]
[Site "Bad Wiessee GER"]
[Date "2003.11.10"]
[Round "3"]
[White "Riedel,Ho"]
[Black "Potkin,V"]
[Result "0-1"]
[WhiteElo "2236"]
[BlackElo "2534"]

1.d4 d5 2.c4 e6 3.Nc3 c6 4.Nf3 Nf6 5.e3 a6 6.a4 c5 7.cxd5 exd5 8.Be2 Nc6
9.O-O Bd6 10.dxc5 Bxc5 11.b3 Qd6 12.Bb2 O-O 13.Nd4 Nxd4 14.exd4 Bb4 15.Qd3 Re8
16.Bf3 g6 17.Rac1 Bf5 18.Qd2 h5 19.Qg5 Kg7 20.Rfe1 Rxe1+ 21.Rxe1 Rc8 22.Re3 Bg4
23.Qe5 Bxf3 24.gxf3 Qd7 25.Qg5 Rc6 26.Kg2 Kh7 27.Re5 Rd6 28.Qh4 Ba5 29.Ne2 Bd8
30.Ba3 Rb6 31.Nc1 Ng4 32.Be7 Nxe5 33.Bxd8 Rc6 34.dxe5 Rxc1 35.Bb6 Qe6 36.Bd4  0-1

[Event "ch-UKR"]
[Site "Simferopol UKR"]
[Date "2003.11.10"]
[Round "7"]
[White "Sumets,A"]
[Black "Dmitrenko,V"]
[Result "1/2-1/2"]
[WhiteElo "2467"]
[BlackElo "2380"]

1.d4 d5 2.c4 c6 3.Nc3 Nf6 4.e3 e6 5.Nf3 Nbd7 6.Qc2 Bd6 7.b3 O-O 8.Bb2 Qe7
9.Bd3 dxc4 10.bxc4 e5 11.O-O Re8 12.Ne4 Nxe4 13.Bxe4 g6 14.c5 Bc7 15.Rfe1 f5
16.Bd3 e4 17.Bc4+ Kh8 18.Nd2 Nf6 19.f3 Nd5 20.fxe4 fxe4 21.Bxd5 cxd5  1/2-1/2

[Event "1st Chesspangenberg Open"]
[Site "Buenos Aires ARG"]
[Date "2003.11.11"]
[Round "7"]
[White "Peralta,Fe"]
[Black "Cativelli,G"]
[Result "1-0"]
[WhiteElo "2516"]
[BlackElo "2230"]

1.Nf3 d5 2.d4 Nf6 3.c4 c6 4.Nc3 e6 5.e3 Nbd7 6.Bd3 dxc4 7.Bxc4 b5 8.Bb3 Bb7
9.O-O a6 10.e4 b4 11.e5 bxc3 12.exf6 cxb2 13.fxg7 Bxg7 14.Bxb2 c5 15.Qe2 cxd4
16.Rad1 Qf6 17.Nxd4 O-O 18.Ba3 Rfd8 19.Nxe6 fxe6 20.Qxe6+ Kh8 21.Rxd7 Rxd7
22.Qxd7 Be4 23.Qe6 Qf4 24.Re1 Bg6 25.Qe2 Qf6 26.h3 a5 27.Bc2 Qc3 28.Bxg6 Qxa3
29.Bxh7 Rc8 30.Bf5  1-0

[Event "Friendship IM"]
[Site "Cartak CZE"]
[Date "2003.11.11"]
[Round "1"]
[White "Obsivac,J"]
[Black "Volodin,V"]
[Result "1/2-1/2"]
[WhiteElo "2361"]
[BlackElo "2248"]

1.d4 d5 2.c4 e6 3.Nc3 c6 4.Nf3 Nf6 5.e3 Nbd7 6.Qc2 Bd6 7.Bd2 O-O 8.Bd3 dxc4
9.Bxc4 e5 10.h3 exd4 11.Nxd4 Ne5 12.Bb3 c5 13.Nf3 c4 14.Ba4 Nd3+ 15.Kf1 a6
16.Qb1 b5 17.Bc2 Nc5 18.Nd4 Bb7 19.f3 Nh5 20.Nce2 g6  1/2-1/2

[Event "7th BayEM"]
[Site "Bad Wiessee GER"]
[Date "2003.11.12"]
[Round "5"]
[White "Stimpel,F"]
[Black "Potkin,V"]
[Result "0-1"]
[WhiteElo "2373"]
[BlackElo "2534"]

1.d4 d5 2.c4 e6 3.Nc3 c6 4.Nf3 Nf6 5.e3 Nbd7 6.Qc2 Bd6 7.b3 O-O 8.Be2 b6
9.O-O Bb7 10.Bb2 Qe7 11.Rfd1 Rad8 12.Rac1 Rfe8 13.Bd3 h6 14.Ne2 c5 15.Ng3 cxd4
16.Nxd4 Ne5 17.cxd5 Nxd3 18.Qxd3 Nxd5 19.Qe2 Rc8 20.Rxc8 Rxc8 21.e4 Nf4 22.Qg4 Qg5
23.Qxg5 hxg5 24.Nf3 Be7 25.h3 Rd8 26.Rc1 Bc5 27.Bc3 Bxf2+  0-1

[Event "1st Chesspangenberg Open"]
[Site "Buenos Aires ARG"]
[Date "2003.11.12"]
[Round "8"]
[White "Liascovich,L"]
[Black "Hungaski,R"]
[Result "1-0"]
[WhiteElo "2340"]
[BlackElo "2145"]

1.d4 d5 2.c4 e6 3.Nc3 c6 4.Nf3 Nf6 5.e3 Nbd7 6.Ne5 Nxe5 7.dxe5 Nd7 8.f4 f6
9.cxd5 cxd5 10.Bd3 f5 11.O-O Nc5 12.Bc2 Be7 13.g4 g6 14.gxf5 gxf5 15.Qh5+ Kd7
16.b4 Na6 17.a3 Kc7 18.Bd2 Bd7 19.Qf3 Rc8 20.Bd3 Kb8 21.Ne2 Ba4 22.Nd4 Nc7
23.Kh1 Qd7 24.Rg1 Bf8 25.Rac1 Nb5 26.Rxc8+ Kxc8 27.Qh5 Nxd4 28.exd4 Qe8 29.Qh4 Bd7
30.Be2 h5 31.Qf6 Be7 32.Qg7 Qf8 33.Qg6 Qe8 34.Qg2 Bd8 35.Qg7 Kb8 36.b5 Be7
37.Bb4 Bxb4 38.axb4 Qc8 39.Qe7 Qc2 40.Bf1 Bxb5 41.Qg7 Rd8 42.Bxb5 Qe4+ 43.Qg2 Qxd4
44.Rf1 Qxb4 45.Bd3 Qd4 46.Be2 h4 47.Qg5 Rc8 48.Qxh4 Qe4+ 49.Bf3 Qe3 50.Bg2 a5
51.Qe7 Rg8 52.Rb1 b6 53.Qxe6 Rxg2 54.Rxb6+ Ka7 55.Ra6+  1-0

[Event "ch-UKR"]
[Site "Simferopol UKR"]
[Date "2003.11.12"]
[Round "9"]
[White "Kononenko,Dmitry2"]
[Black "Zhornik,N"]
[Result "0-1"]
[WhiteElo "2151"]
[BlackElo "2302"]

1.c4 Nf6 2.Nf3 e6 3.Nc3 d5 4.e3 c6 5.d4 Nbd7 6.Qc2 Bd6 7.g4 Bb4 8.Bd2 O-O
9.g5 Bxc3 10.Bxc3 Ne4 11.Bd3 f5 12.gxf6 Qxf6 13.Bxe4 dxe4 14.Ne5 Nxe5 15.dxe5 Qf3
16.Rg1 Bd7 17.Rd1 Be8 18.Bb4 Rf5 19.Be7 Bh5 20.Rd7 Rf7 21.Qd2 Re8 22.Rxb7 Rfxe7
23.Rxe7 Rxe7 24.Kf1 Qd1+ 25.Qxd1 Bxd1 26.Kg2 Bf3+ 27.Kg3 Rd7 28.Rc1 Rd2 29.b4 Rxa2
30.b5 c5 31.Rb1 Ra4 32.b6 axb6 33.Rxb6 Kf7 34.Rb7+ Kg6 35.Re7 Rxc4 36.Rxe6+ Kf7
37.Rc6 Rc1 38.Kf4 g6 39.Rc7+ Ke6 40.Rc6+ Kd7 41.Ra6 Rg1 42.e6+ Ke7 43.h3 c4
44.Ke5 Rg5+ 45.Kd4 Rb5 46.Kxc4 Be2+  0-1

[Event "ch-UKR"]
[Site "Simferopol UKR"]
[Date "2003.11.12"]
[Round "9"]
[White "Kurbetdinov,R"]
[Black "Seletsky,G"]
[Result "0-1"]
[WhiteElo "2409"]
[BlackElo "2240"]

1.d4 d5 2.c4 c6 3.e3 Nf6 4.Nc3 e6 5.Nf3 Be7 6.Bd3 O-O 7.O-O Nbd7 8.e4 dxe4
9.Nxe4 Nxe4 10.Bxe4 Nf6 11.Bc2 b6 12.Bg5 Bb7 13.Qd3 g6 14.Rfe1 c5 15.Rad1 cxd4
16.Bh6 Re8 17.Ba4 Ng4 18.Bf4 Rf8 19.Qe2 Bb4 20.Nd2 h5 21.h3 d3 22.Qf1 Qf6
23.Bc7 Rfc8 24.hxg4 Rxc7 25.gxh5 Qh4 26.Re3 Qxh5 27.Ne4 Be7 28.Ng3 Qh4 29.Rexd3 Kg7
30.Rd4 Qh6 31.Qe1 Bf6 32.Rd7 Rh8 33.Qxe6 Qh2+ 34.Kf1 Qxg2+ 35.Ke1 Rxd7 36.Rxd7 Rf8
37.Qe3 Bf3 38.Rd3 Qg1+ 39.Kd2 Bg2 40.Kc2 Rc8 41.Rd1 Qh2 42.Kb1 Qh4 43.Bb3 Rc5
44.f4 Rc7 45.Rg1 Bh3 46.Rh1 Qg4 47.Rg1 Rd7 48.Ne2 Qe6 49.Qxe6 Bxe6 50.Ng3 Kf8
51.Bc2 Bxc4 52.f5 gxf5 53.Nxf5 Rd2 54.b3 Be6 55.Ng3 Bd5 56.Ne4 Rxc2 57.Nxf6 Rd2
58.Kc1 Rd4 59.Kc2 Be6 60.Kc3 Rf4  0-1